| 000 | 00685nam a22002177a 4500 | ||
|---|---|---|---|
| 999 |
_c3116 _d3116 |
||
| 003 | AR-CdUCM | ||
| 008 | 190306b ||||| |||| 00| 0 spa d | ||
| 040 |
_aMUNICIPALIDAD PROVINCIAL DEL CUSCO _cBIBLIOTECA MUNICIPAL DEL CUSCO |
||
| 082 |
_a305.85 / _bP95 |
||
| 100 |
_aVidal Pulgar, Javier _910529 |
||
| 245 | _aAlgo sobre el indio o el indio que yo conocí / | ||
| 260 |
_aLima : _bUniversidad Alas Peruanas , _c2007. |
||
| 300 |
_a289 páginas ; _c20.5 cm. |
||
| 500 | _aPoesia Indigenista. | ||
| 650 |
_aPoesia Cusqueña _92323 |
||
| 650 |
_aIndigenismo _9208 |
||
| 650 |
_aPoesia Latinoamericana _92147 |
||
| 650 |
_aPoesia Peruana _9280 |
||
| 942 |
_2ddc _cLIBROS |
||
| 945 | _artm | ||